Riziká pri komoditných obchodoch na finančnom trhu z pohľadu podniku

Problematika rizík pri finančných činnostiach podnikateľských subjektov. Komoditný trh a investovanie do komodít. Investovanie do drahých kovov a kameňov. Trhové a komoditné riziko. Obchodné a daňové riziko.

Guardado en:
Detalles Bibliográficos
Autor principal: Vavrová, Katarína, 1960-
Formato: Capítulo de libro
Lenguaje:eslovaco
Materias:
Etiquetas: Agregar Etiqueta
Sin Etiquetas, Sea el primero en etiquetar este registro!

MARC

LEADER 00000naa$a2200000$$$4500
001 0158422
005 20240502072747.3
041 0 |a slo 
044 |a SK 
245 1 0 |a Riziká pri komoditných obchodoch na finančnom trhu z pohľadu podniku  |c Katarína Vavrová 
520 |a Problematika rizík pri finančných činnostiach podnikateľských subjektov. Komoditný trh a investovanie do komodít. Investovanie do drahých kovov a kameňov. Trhové a komoditné riziko. Obchodné a daňové riziko. 
610 2 0 |a trh finančný 
610 2 0 |a investície 
610 2 0 |a investovanie 
610 2 0 |a komodity 
610 2 0 |a kovy drahé 
610 2 0 |a diamanty 
610 2 0 |a riziko finančné 
610 2 0 |a riziko obchodné 
610 2 0 |a dane 
100 1 |a Vavrová, Katarína, 1960-